La administración pública en el estado de Jalisco /

Uloženo v:
Podrobná bibliografie
Hlavní autor: Castañeda Jiménez, Héctor F. (autor)
Médium: Kniha
Jazyk:španělština
Vydáno: Guadalajara, México : Instituto de Administración Pública del Estado de Jalisco, 1987
Tagy: Přidat tag
Žádné tagy, Buďte první, kdo vytvoří štítek k tomuto záznamu!

MARC

LEADER 00000nam^a2200000^a^4500
001 000575909
005 20250521000000.0
009 20260310132417.624
037 |a Acervo ITESO - Biblioteca 
041 |a ESP 
091 |a FGM. 05664 
100 |a Castañeda Jiménez, Héctor F.  |e (autor) 
245 1 3 |a La administración pública en el estado de Jalisco / 
264 1 |a Guadalajara, México :  |b Instituto de Administración Pública del Estado de Jalisco,  |c 1987 
300 |a 150 p. 
336 |a texto  |b txt  |2 rdacontenido 
337 |a sin mediación  |b n  |2 rdamedio 
338 |a volumen  |b nc  |2 rdasoporte 
649 |a XX 
910 |a Fondo Efraín González Morfín 
920 |a Impresos - Libros 
930 |a Fondos Especiales 
905 |a 130 
901 |a 0500385821  |b IT2  |c ESL  |i D91346  |u 20250521 
902 |a https://opac.biblio.iteso.mx/vufind/Record/000575909